000 00862nam a2200205 4500
001 123111
003 ES-MaACL
005 20250827062622.0
007 t|
008 070214s1976 sp r ||||0| spa d
110 1 _aEspaña
_93622
245 1 0 _aProyecto de ley para la reforma política y regulación del Referéndum Nacional convocado para el 15 diciembre de 1976 :
_b[Real Decreto 2635/1976 de 24 de noviembre... B.O.E. núm. 282 de 24 de noviembre de 1976, Real Decreto 2636/1976 de 19 de noviembre... B.O.E. núm. 282 de 24 de noviembre de 1976].
260 _aMadrid :
_bEdiciones del Movimiento,
_c1976.
300 _a37 p ;
_c17 cm.
650 4 _aReferéndum-
_zEspaña.
_9171880
650 4 _aInstituciones políticas-
_zEspaña.
_9153904
710 2 _aEdiciones del Movimiento.
_9171800
852 _aES-MaACL
_j2102-F-8
999 _c123111
_d123111